Systémová integrácia aplikácií v prostredí databázy Oracle

Bibliographic Details
Main Author: Šalamon, Ján (Author)
Format: Article
Language:Slovak
ISSN:1335-2237
Subjects:

MARC

LEADER 00000nab a2200000 a 4500
001 vtls000716871
003 SK-MaSNL
005 20260426082954.0
008 250429c1999 xo 0 slo
015 |a SNBRB2000/03-09101 
035 |a CLN000069038 
035 |a urn:nbn:sk:snk-abbt5z 
035 |a (urnnbn)urn:nbn:sk:snk:ar-000wux 
035 |a (uuid)3ea909c7-b7c8-4656-9861-b567ce31e1ba 
040 |a SNKBUCL  |b slo  |c SNKBUCL  |e AACR2 
041 0 |a slo 
044 |a xo  |c SK 
080 |a 665.6.012-52  |2 1997 
080 |a 681.51  |2 1997 
080 |a 681.3  |2 1997 
100 1 |a Šalamon, Ján  |4 aut  |9 799188 
245 1 0 |a Systémová integrácia aplikácií v prostredí databázy Oracle 
610 7 |a Slovnaft (Bratislava, Slovensko)  |x systémy informačné  |2 snkbucl  |9 1436148 
650 0 7 |a systémy informačné podnikové  |2 snkbucl  |9 841918 
650 0 7 |a aplikačný softvér  |2 snkbucl  |9 3704 
651 7 |a Bratislava (Slovensko)  |2 snkbucl  |9 14568 
655 7 |a články z novín a časopisov  |2 snkbucl  |9 267496 
773 0 |t AT&P journal  |g Roč. 6, č. 10 (1999), s. 13-14  |x 1335-2237 
850 |a Slovenská národná knižnica 
852 |a Slovenská národná knižnica 
954 |a odborná, vedecká literatúra pôvodná (slovenská)  |2 lita 
958 |a article15 
958 |a OND 
958 |a EUIPO 
992 |a RBX 
999 |c 2891925  |d 2893855